000 00744nam a2200289Ia 4500
005 20260324113223.0
008 008 260324s9999 xx 000 0 eng d
020 _a9781003093121
037 _aEBOOK
040 _aCRL
040 _beng
040 _cCRL
041 _2eng
041 _aeng
084 _qCRL
100 _aJeffrey Zoul; Spiri Diamantis Howard
_91145904
245 0 _aImproving Your School One Week at a Time
245 0 _bBuilding the Foundation for Professional Teaching and Learning
260 _bTaylor and Francis
260 _c2024
365 _a
365 _b170
856 _uhttp://www.taylorfrancis.com/books/9781003093121
942 _cEBOOK
999 _c1735440
_d1735440